| 000 -LEADER |
| fixed length control field |
00823pab a2200181 454500 |
| 008 - FIXED-LENGTH DATA ELEMENTS--GENERAL INFORMATION |
| fixed length control field |
180718b2008 xxu||||| |||| 00| 0 eng d |
| 100 ## - MAIN ENTRY--PERSONAL NAME |
| Personal name |
Saumya |
| 245 ## - TITLE STATEMENT |
| Title |
Communalism: narratives in Chhattisgarh |
| 260 ## - PUBLICATION, DISTRIBUTION, ETC. |
| Date of publication, distribution, etc. |
2008 |
| 300 ## - PHYSICAL DESCRIPTION |
| Extent |
p.38-44. |
| 362 ## - DATES OF PUBLICATION AND/OR SEQUENTIAL DESIGNATION |
| Dates of publication and/or sequential designation |
12 Jan |
| 520 ## - SUMMARY, ETC. |
| Summary, etc. |
The expansion of the Vanvasi Kalyan Ashram's activities amongst tribals in Chhattisgarh shows the influence of communalism in these areas. The strategies used by the organisation along with other Hindutva outfits in Jashpur, for example, delineate how communalism works to crystallise religious identities by playing upon the socio-political and cultural background there. - Reproduced. |
| 650 ## - SUBJECT ADDED ENTRY--TOPICAL TERM |
| Topical term or geographic name entry element |
Communalism - India - Chhattisgarh |
| 650 ## - SUBJECT ADDED ENTRY--TOPICAL TERM |
| Topical term or geographic name entry element |
Communalism |
| 773 ## - HOST ITEM ENTRY |
| Main entry heading |
Economic and Political Weekly |
| 908 ## - PUT COMMAND PARAMETER (RLIN) |
| Put command parameter |
N |
| 909 ## - |
| -- |
76938 |